00424cam a22000977a 4500008004000000082001500040245015400055260005000209300001100259700005600270180718b1966 xxu||||| |||| 00| 0 eng d aY11x42 Un3 aReport of the land use study group : forestry, Agriculture and the multiple use of rural landcby Department of Education and Science, United Kingdom aLondonbHer Majesty's Stationery Officec1966 a110+p. aUnited Kingdom. Department of Education and Science